Water distribution systems (Record no. 105144)
[ view plain ]
| 000 -LEADER | |
|---|---|
| fixed length control field | 01250cam a2200229 4500 |
| 001 - CONTROL NUMBER | |
| control field | ##L132462 |
| 008 - FIXED-LENGTH DATA ELEMENTS--GENERAL INFORMATION | |
| fixed length control field | 060210n2003 000 0 eng u |
| 020 ## - INTERNATIONAL STANDARD BOOK NUMBER | |
| International Standard Book Number | 1903287391 |
| 035 ## - SYSTEM CONTROL NUMBER | |
| System control number | (Sirsi) u132462 |
| 041 0# - LANGUAGE CODE | |
| Language code of text/sound track or separate title | eng |
| 050 04 - LIBRARY OF CONGRESS CALL NUMBER | |
| Classification number | 696.12 $2 18 |
| 100 1# - MAIN ENTRY--PERSONAL NAME | |
| Personal name | Brown, Reginald |
| 245 00 - TITLE STATEMENT | |
| Title | Water distribution systems |
| Remainder of title | CIBSE commissioning code W |
| 260 ## - PUBLICATION, DISTRIBUTION, ETC. | |
| Place of publication, distribution, etc. | London |
| Name of publisher, distributor, etc. | The Chartered Institution of Building Services Engineers |
| Date of publication, distribution, etc. | 2003 |
| 300 ## - PHYSICAL DESCRIPTION | |
| Extent | 28p |
| Other physical details | diagrams, tables |
| Dimensions | 30cm |
| 350 ## - PRICE (NR) (BK AM CF MU VM SE) [OBSOLETE] | |
| Price | 43 |
| 520 ## - SUMMARY, ETC. | |
| Summary, etc. | Provides recommendations and guidance on current standards of good commissioning practice for balancing and regulating water flow rates in water distribution systems. Discusses safety issues, design for commissionability, specification issues, project management commissioning, pre-commissioning, setting pumps to work and evaluation and witnessing of commissioned systems. Appendices contain design information and flow measurement and regulation. |
| 650 24 - SUBJECT ADDED ENTRY--TOPICAL TERM | |
| Topical term or geographic name entry element | BUILDING REGULATIONS 2000 APPROVED DOCUMENT L1 (2002 EDITION) |
| 650 24 - SUBJECT ADDED ENTRY--TOPICAL TERM | |
| Topical term or geographic name entry element | BUILDING REGULATIONS 2000 APPROVED DOCUMENT L2 (2002 EDITION) |
| 690 ## - LOCAL SUBJECT ADDED ENTRY--TOPICAL TERM (OCLC, RLIN) | |
| Topical term or geographic name as entry element | BUILT ENVIRONMENT-BUILDING ELEMENTS-COMPLETE BUILDING SERVICES ELEMENTS-COMPLETE WATER SUPPLY SYSTEMS |
| 942 ## - ADDED ENTRY ELEMENTS (KOHA) | |
| Suppress in OPAC | 0 |
| Withdrawn status | Lost status | Source of classification or shelving scheme | Damaged status | Not for loan | Home library | Current library | Shelving location | Date acquired | Total Checkouts | Full call number | Barcode | Date last seen | Date last checked out | Copy number | Price effective from | Koha item type |
|---|---|---|---|---|---|---|---|---|---|---|---|---|---|---|---|---|
| Dewey Decimal Classification | London | London | RICS Boxes | 10/02/2006 | 1 | F696.12 BRO | 30072431 | 06/08/2019 | 03/03/2009 | 1 | 06/08/2019 | Book |